Annual review of astronomy and astrophysics (Record no. 10481)
[ view plain ]
| 000 -LEADER | |
|---|---|
| fixed length control field | 00762nam a2200217Ia 4500 |
| 003 - CONTROL NUMBER IDENTIFIER | |
| control field | IN-BaIIA |
| 008 - FIXED-LENGTH DATA ELEMENTS--GENERAL INFORMATION | |
| fixed length control field | 211028s9999 xx 000 0 eng d |
| 020 ## - INTERNATIONAL STANDARD BOOK NUMBER | |
| International Standard Book Number | 0-8243-0930-8 |
| 040 ## - CATALOGING SOURCE | |
| Transcribing agency | IIA Library |
| 080 ## - UNIVERSAL DECIMAL CLASSIFICATION NUMBER | |
| Universal Decimal Classification number | (05)52 |
| Item number | ANN-30 |
| 245 #0 - TITLE STATEMENT | |
| Title | Annual review of astronomy and astrophysics |
| Remainder of title | vol. 30 |
| Statement of responsibility, etc. | edited by Geoffrey Burbridge, David Layzer and Allan Sandage |
| 260 ## - PUBLICATION, DISTRIBUTION, ETC. | |
| Place of publication, distribution, etc. | Palo Alto |
| Name of publisher, distributor, etc. | Annual Reviews |
| Date of publication, distribution, etc. | 1992 |
| 300 ## - PHYSICAL DESCRIPTION | |
| Extent | viii, 767p. |
| 650 ## - SUBJECT ADDED ENTRY--TOPICAL TERM | |
| Topical term or geographic name entry element | Astronomy and astrophysics thesaurus |
| 650 ## - SUBJECT ADDED ENTRY--TOPICAL TERM | |
| Topical term or geographic name entry element | Astronomy-Periodicals |
| 9 (RLIN) | 4087 |
| 650 ## - SUBJECT ADDED ENTRY--TOPICAL TERM | |
| Topical term or geographic name entry element | Astrophysics-Periodicals |
| 9 (RLIN) | 4088 |
| 700 ## - ADDED ENTRY--PERSONAL NAME | |
| Personal name | Burbridge, Geoffrey, ed. |
| 9 (RLIN) | 17817 |
| 700 ## - ADDED ENTRY--PERSONAL NAME | |
| Personal name | Layzer, David, ed. |
| 9 (RLIN) | 4091 |
| 700 ## - ADDED ENTRY--PERSONAL NAME | |
| Personal name | Sandage, Allan, ed. |
| 9 (RLIN) | 9048 |
| 942 ## - ADDED ENTRY ELEMENTS (KOHA) | |
| Koha item type | Books |
| Withdrawn status | Lost status | Damaged status | Not for loan | Home library | Current library | Shelving location | Date acquired | Cost, normal purchase price | Total Checkouts | Full call number | Barcode | Date last seen | Cost, replacement price | Price effective from | Koha item type | Purchase Price |
|---|---|---|---|---|---|---|---|---|---|---|---|---|---|---|---|---|
| IIA Library-Bangalore | IIA Library-Bangalore | General Stacks | 20/11/1992 | 1972.00 | (05)52/ ANN-30 | 11391 | 05/11/2021 | 1972.00 | 20/11/1992 | Books | Rs. 1972 |